INTERNATIONAL MARKETING (Record no. 27332)

000 -LEADER
fixed length control field 00376nam a2200169Ia 4500
003 - CONTROL NUMBER IDENTIFIER
control field OSt
005 - DATE AND TIME OF LATEST TRANSACTION
control field 20250728140042.0
008 - FIXED-LENGTH DATA ELEMENTS--GENERAL INFORMATION
fixed length control field 200615s9999||||xx |||||||||||||| ||und||
040 ## - CATALOGING SOURCE
Transcribing agency MUIT
082 ## - DEWEY DECIMAL CLASSIFICATION NUMBER
Classification number 650
Item number INT-C
100 ## - MAIN ENTRY--PERSONAL NAME
Personal name CATEORA,PHILIP,R
245 #0 - TITLE STATEMENT
Title INTERNATIONAL MARKETING
250 ## - EDITION STATEMENT
Edition statement 12TH
260 ## - PUBLICATION, DISTRIBUTION, ETC.
Place of publication, distribution, etc. New Delhi
Name of publisher, distributor, etc. TMH
Date of publication, distribution, etc. 2018
300 ## - PHYSICAL DESCRIPTION
Extent 697
942 ## - ADDED ENTRY ELEMENTS (KOHA)
Koha item type Book
Source of classification or shelving scheme
Holdings
Withdrawn status Lost status Damaged status Not for loan Collection code Permanent Location Current Location Shelving location Date acquired Total Checkouts Full call number Barcode Date last seen Price effective from Koha item type
        School of Management Maharishi School of Business & Management (Lucknow) Maharishi School of Business & Management (Lucknow) R37S1 2020-06-15   658 SOM0368 2020-06-15 2020-06-15 Book

All Rights Reserved@MUIT

Powered by Koha